000 00402nam a2200169Ia 4500
005 20240823011442.0
008 240823s9999||||xx |||||||||||||| ||und||
082 _A330 N8
100 _aRenu Narula
245 0 _aBrain Teasers in Economics
250 _a1st
260 _c1998
_b"Sterling,New Delhi"
500 _aYES
650 _aManagement
_bManagement Studies
942 _cBK
999 _c161575
_d161575